000 00591nam a22001697a 4500
999 _c331411
_d331411
003 NUST
005 20170927102341.0
008 170927b xxu||||| |||| 00| 0 eng d
040 _c0
082 _a628 POL
245 _aPollution Prevention and In-Plant Control Measures in Sugar Mills:
_bA guidebook for technical and operational staff
260 _aIslamabad
_bSDPI
_c1995
300 _a53p.
500 _aP.B
942 _2ddc
_cBK
_kIESE